| 000 | 00642nam a22002057a 4500 | ||
|---|---|---|---|
| 003 | OSt | ||
| 005 | 20251204082409.0 | ||
| 008 | 251204b |||||||| |||| 00| 0 eng d | ||
| 020 | _a0-534-51610-6. | ||
| 040 |
_aDWCL-Main lib _cOC |
||
| 082 |
_22nd ed. _aCirc. 361.3 Al422h 2006 |
||
| 100 | _aAlle-Corliss, Lupe | ||
| 245 |
_aHuman service agencies : _ban orientation to fieldwork _cAlle-Corliss, Lupe |
||
| 260 |
_aUSA : _bThomson Higher Education, _cc2006. |
||
| 300 |
_axix, 310 pages ; _c27 cm. |
||
| 650 | _21. Human Services. | ||
| 650 | _22. Social Work. | ||
| 700 | _aAlle-Corliss, Randy | ||
| 942 |
_2ddc _cBK-CIRC _e2nd ed. _kCirc. _n0 |
||
| 999 |
_c6875 _d6875 |
||